Подробности
| 000 -МАРКЕР |
| контрольное поле |
02041nam0a2200385 4500 |
| 001 - ИДЕНТИФИКАТОР ЗАПИСИ |
| контрольное поле |
RU\NLR\bibl\1849325 |
| 005 - ИДЕНТИФИКАТОР ВЕРСИИ |
| контрольное поле |
20260406010555.0 |
| 010 ## - МЕЖДУНАРОДНЫЙ СТАНДАРТНЫЙ НОМЕР КНИГИ (ISBN) |
| Номер (ISBN) |
978-5-93932-321-5 |
| Тираж |
500 |
| 021 ## - НОМЕР ГОСУДАРСТВЕННОЙ РЕГИСТРАЦИИ |
| Код страны |
российская федерация |
| Номер |
2011-96062 |
| Номер Листа государственной регистраци |
6888 |
| 035 ## - ДРУГИЕ СИСТЕМНЫЕ НОМЕРА |
| Идентификатор записи |
(nilc)LIBNET\0000182499 |
| 035 ## - ДРУГИЕ СИСТЕМНЫЕ НОМЕРА |
| Идентификатор записи |
(NLR Aleph) 001839732 |
| 100 ## - ДАННЫЕ ОБЩЕЙ ОБРАБОТКИ |
| Данные общей обработки |
20111121d2011 |||y0rusy50 ca |
| 101 0# - ЯЗЫК РЕСУРСА |
| Язык текста, звукозаписи и т.д. |
русский |
| 102 ## - СТРАНА ПУБЛИКАЦИИ ИЛИ ПРОИЗВОДСТВА |
| Страна публикации |
российская федерация |
| 105 ## - ПОЛЕ КОДИРОВАННЫХ ДАННЫХ: ТЕКСТОВЫЕ МАТЕРИАЛЫ, МОНОГРАФИЧЕСКИЕ |
| Кодированные данные о монографическом текстовом документе |
a z ||||| |
| 200 1# - ЗАГЛАВИЕ И СВЕДЕНИЯ ОБ ОТВЕТСТВЕННОСТИ |
| Основное заглавие |
Инновационное развитие предприятий реального сектора экономики на основе стратегической интеграции |
| Первые сведения об ответственности |
С.А. Измалкова, И.А. Тронина |
| Последующие сведения об ответственности |
М-во образования и науки Рос. Федерации, Федерал. гос. образоват. учреждение высш. проф. образования "Гос. ун-т - учеб.-науч.-производств. комплекс" |
| 210 ## - ПУБЛИКАЦИЯ, РАСПРОСТРАНЕНИЕ И ДР. |
| Место издания, распространения и т.д. |
Орел |
| Имя издателя, распространителя и т. д. |
Госуниверситет-УНПК |
| Дата издания, распространения и т.д. |
2011 |
| 215 ## - ФИЗИЧЕСКАЯ ХАРАКТЕРИСТИКА |
| Специфическое обозначение материала и объем |
135 с. |
| Другие сведения о физической характеристике |
ил. |
| Размеры |
21 |
| 320 ## - ПРИМЕЧАНИЯ О НАЛИЧИИ В ДОКУМЕНТЕ БИБЛИОГРАФИИ / УКАЗАТЕЛЯ |
| Текст примечания |
Библиогр.: с. 126-134 (77 назв.) |
| 606 1# - НАИМЕНОВАНИЕ ТЕМЫ КАК ПРЕДМЕТ |
| Наименование темы |
Машиностроительная промышленность |
| Тематический подзаголовок |
Инновационная деятельность |
| -- |
Управление |
| Системный номер авторитетной/нормативной записи |
2445459 |
| Идентификатор авторитетной/нормативной записи |
RU\NLR\auth\661454468 |
| 606 1# - НАИМЕНОВАНИЕ ТЕМЫ КАК ПРЕДМЕТ |
| Наименование темы |
Электрическая связь |
| Тематический подзаголовок |
Предприятия |
| -- |
Инновационная деятельность |
| Системный номер авторитетной/нормативной записи |
2309169 |
| Идентификатор авторитетной/нормативной записи |
RU\NLR\auth\661382093 |
| 686 ## - ИНДЕКСЫ ДРУГИХ КЛАССИФИКАЦИЙ |
| Индекс |
65.291-551 |
| Издание |
LBC/RL |
| Код системы |
|
| 686 ## - ИНДЕКСЫ ДРУГИХ КЛАССИФИКАЦИЙ |
| Индекс |
У30(2)585.1-55-21 |
| 686 ## - ИНДЕКСЫ ДРУГИХ КЛАССИФИКАЦИЙ |
| Индекс |
У38(2)6-55 |
| 700 #1 - ИМЯ ЛИЦА - ПЕРВИЧНАЯ ОТВЕТСТВЕННОСТЬ |
| Код отношения |
Автор |
| Материалы, к которым относится поле |
rus |
| Графика поля |
Кириллица |
| Начальный элемент ввода |
Измалкова |
| Часть имени, кроме начального элемента ввода |
С. А. |
| Расширение инициалов личного имени |
Светлана Александровна |
| Идентификатор авторитетной/нормативной записи |
RU\NLR\auth\77116035 |
| Системный номер авторитетной/нормативной записи |
98960 |
| 701 #1 - ИМЯ ЛИЦА - АЛЬТЕРНАТИВНАЯ ОТВЕТСТВЕННОСТЬ |
| Начальный элемент ввода |
Тронина |
| Часть имени, кроме начального элемента ввода |
И. А. |
| Расширение инициалов личного имени |
Ирина Алексеевна |
| Код отношения |
Автор |
| 801 #0 - ИСТОЧНИК ЗАПИСИ |
| Страна |
российская федерация |
| Организация |
Орловская ОПБ |
| Дата составления |
20111121 |
| Правила каталогизации |
rcr |
| 801 #1 - ИСТОЧНИК ЗАПИСИ |
| Страна |
российская федерация |
| Организация |
Орловская ОПБ |
| Дата составления |
20111121 |
| Правила каталогизации |
rcr |
| Источник данных |
rusmarc |
| 801 #2 - ИСТОЧНИК ЗАПИСИ |
| Страна |
российская федерация |
| Организация |
NLR |
| Дата составления |
20111216 |
| Правила каталогизации |
rcr |
| 830 ## - ОБЩЕЕ ПРИМЕЧАНИЕ, СОСТАВЛЕННОЕ КАТАЛОГИЗАТОРОМ |
| Текст примечания |
авт. по кн. |
| 942 ## - ДОПОЛНИТЕЛЬНЫЕ ЭЛЕМЕНТЫ ЗАПИСИ (АБИС) |
| Тип экземпляра АБИС |
Книга |
| 980 ## - КОЛЛЕКЦИЯ |
| Название коллекции |
Национальная библиография |
| 980 ## - КОЛЛЕКЦИЯ |
| Название коллекции |
НБР |